Quizzes
Events
Quiz Creation
Community
Videos
Private Events
Remove Ads
Sign In
Join for FREE
Feedback
Dark Mode
Quiz Categories
Sports
Geography
Music
Movies
Television
Just For Fun
Miscellaneous
History
Literature
Language
Science
Gaming
Entertainment
Religion
Holiday
For Kids
Quiz Lab
Recent
Popular Today
Quiz Kudos Today
Editor Picks
Curator Picks
Quizzes by...
Day
Popularity
Type
Ratings
Length
Year
Community
Subscriptions
Recent Discussions
Orange Saloon
Badges
Playlists
Quests
Create
Leaderboards
Showdown
Live 5
Trivia Bingo
Activity
Puzzle Library
Sporcle Events
Private Events
Virtual Trivia
Globe League
Become a Host
Pub Owners
SporcleCon
Opinionation
Our Games
Videos
Blog
Mobile Apps
Partnerships
Remove Ads and Go Orange
Feedback
Sports
Athletes
MLB
NBA
NHL
NFL
Soccer
Sports Teams
WWE
NCAA
Football
Premier League
Basketball
Baseball
Hockey
Golf
Tennis
Cricket
Rugby
Auto Racing
Olympics
World Cup
Sports
Athletes
MLB
NBA
NHL
NFL
Soccer
Sports Teams
WWE
NCAA
Football
Premier League
Basketball
Baseball
Hockey
Golf
Tennis
Cricket
Rugby
Auto Racing
Olympics
World Cup
Random Quiz
Search Sporcle
×
Quiz Lab
Quiz Lab
Sports
Basketball
Type in answers that appear in a list
Type in answers that appear in a list
Classic
Best Score? Go Orange.
NBA Most 2pt Shots Taken 2011 Stats
Can you name the Players that took the most shots?
By
whitesoxfan12594
7m
40 Questions
2,542 Plays
2,542 Plays
2,542 Plays
Comments
Comments
Give Quiz Kudos
Give Quiz Kudos
-
- Ratings
hide this ad
Replay
Link that replays current quiz
Next Quiz
Link to next quiz in quiz playlist
You Got
0%
They Got
Avg Score
80%
Avg Friend Score
Upgrade to see
Score Distribution
Jump to the score distribution portion of the page
Score
0/40
Timer
07:00
0
Plays Today
Team
Player
% Correct
Heat
Lebron James
99%
Heat
Dwyane Wade
98.5%
Lakers
Kobe Bryant
98.2%
Thunder
Kevin Durant
97.9%
Bulls
Derrick Rose
97%
Knicks
Carmelo Anthony
96.9%
Heat
Chris Bosh
96.7%
Hornets
David West
95.7%
Knicks
Amare Stoudemire
95.6%
Clippers
Blake Griffin
95.5%
Thunder
Russell Westbrook
95%
Magic
Dwight Howard
94.8%
Mavericks
Dirk Nowitzki
94.6%
Lakers
Pau Gasol
94.1%
Spurs
Tim Duncan
93.6%
Spurs
Tony Parker
93.1%
Warriors
Monta Ellis
90.5%
Grizzlies
Zach Randolph
89.9%
Trail Blazers
Lamarcus Aldridge
88.5%
Hawks
Joe Johnson
88.2%
Team
Player
% Correct
Bulls
Carlos Boozer
85.2%
Nets
Brook Lopez
85.1%
Pacers
Danny Granger
83.9%
Wizards
John Wall
82.8%
Hawks
Josh Smith
81.9%
Jazz
Al Jefferson
76.4%
Hawks
Al Horford
73.2%
76ers
Elton Brand
71.1%
Raptors
Andrea Bargnani
69.9%
Warriors
David Lee
68.7%
Rockets
Luis Scola
66.6%
Timberwolves
Michael Beasley
63.3%
Kings
Demarcus Cousins
62.5%
Raptors
Demar Derozan
57.7%
Pistons
Tayshaun Prince
56.7%
Pacers
Roy Hibbert
56%
Cavaliers
JJ Hickson
52%
Wizards
Andray Blatche
46.1%
76ers
Thaddeus Young
45.7%
Jazz
Paul Millsap
44%
Quiz Playlist
Details
Report
Send in Message
Add To Playlist
Classic:
Type in answers that appear in a list
Quiz Source
Last Updated: Apr 20, 2018
Quiz Scoreboard
CHALLENGE
Sign Up to Join the Scoreboard
Show All
Scores
Hide
Comments
May contain spoilers
Recently Published
College Basketball Coaching Resumes
by pancakes188
Sports
9m
Billboard Blitz: Fleetwood Mac
by CooCooCachoo
Music
15s
Presidents Visiting Landmarks
by Hejman
History
7m
More to Explore
Quiz From the Vault
Featured Blog Post
Where Did the Easter Bunny Come From?
hide this ad
You Might Also Like...
Tags
Basketball Quiz
NBA Quiz
2011
3 Point
Player
shot
taken
team
Today's Top Quizzes in Sports
Browse Sports
hide this ad
Today's Top Quizzes in Basketball
Browse Basketball
Top Contributed Quizzes in Sports
1
2022 World Cup Stars
2
Les meilleurs buteurs des matchs entre le PSG et l’OM
3
FIFA Club World Cup Champions
4
Les entraîneurs de l'OM et du PSG au 21e siècle
5
Criteria MLB: Left Handed Sluggers
6
AFC Teams Reveal (Wrong Answers Minefield)
7
5-to-1: UK Sports Teams
8
5-to-1: FBS Animal Nicknames
9
2023 MLB Unique Player Accomplishments
10
Name the Premier League winners with different clubs
Explore More
Trending Topics
Harry Potter
Marvel
Disney
Kpop
Crossword
NBA
Anime
Song
Pokémon
Country
Soccer
Puzzle
WWE
NFL
The Office
hide this ad
More By:
whitesoxfan12594
Quiz
Plays
Rating
Category
Featured
Created
NBA Most 2pt Shots Taken 2011
2,542
2.65
Sports
Jun 16, 2011
NBA Draft First Round 2011
672
2.50
Sports
Jun 23, 2011
Top 50 Highest Paid American Athletes 2011
149
3.33
Sports
Jun 18, 2011
NBA Players Born in the State of Illinois
142
5.00
Sports
Jun 20, 2011
All NCAA Major Conference Team in the NBA
134
Sports
Jun 16, 2011
Go to Creator's Profile
Score Distribution
Quiz Creator Spotlight
whitesoxfan12594
Follow
Send a Message
Quizzes Created
-
Created Quiz Play Count
-
More By This Creator
Popular Quizzes Today
1
Find the US States - No Outlines Minefield
2
Find the Countries of Europe - No Outlines Minefield
3
The Countries of the World
4
Find the US States
5
Risky Map Clicking: Biggest States A-Z
6
US States
7
Popular People in 1961
8
Movies - When Are They Set?
More Sports Quizzes
Greek soccer players
Quiz Lab
Trending Quizzes
Risky Map Clicking: Least Populous States A-Z
1-10 Letter G Words
1-10 Letter F Words
Risky Map Clicking: Next State Alphabetically
Risky Map Clicking: Biggest States A-Z
Recently Updated
Leaping Animals
pecheneg
Reality TV Shows (A-Z)
bhenderson79
Rickey Henderson's Hall of Fame Teammates
pecheneg
Champions League XIs: Arsenal
pecheneg
Quick Pick: Celebrities in WWE's Hall of Fame
aduchscher
A-Z Keypad Blitz II
pecheneg
Multiple Oscar Actors
pecheneg
Mystery Phrase Blitz: Oscar 'Best Actors'
pecheneg
F. Scott Fitzgerald Novels
LTH
Pick 3 Villains
ddd62291
Trending Topics
Anime
Disney
Harry Potter
NBA
Crossword
Kpop
Marvel
Country
The Office
NFL
Pokémon
Song
Soccer
WWE
Puzzle
Your Account Isn't Verified!
In order to create a playlist on Sporcle, you need to verify the email address you used during registration. Go to your
Sporcle Settings
to finish the process.
Report this User
Report this user for behavior that violates our
Community Guidelines
.
Details:
Send Report
Go to the Sporcle.com Mobile Site →
Comments